书目信息 |
| 题名: |
数字图像处理及MATLAB实现
|
|
| 作者: | 杨杰 主编 | |
| 分册: | ||
| 出版信息: | 北京 电子工业出版社 2016.09 |
|
| 页数: | 192页 | |
| 开本: | 26cm | |
| 丛书名: | ||
| 单 册: | ||
| 中图分类: | TN911.73 , TP312.8 | |
| 科图分类: | ||
| 主题词: | Matlab软件--Matlabruan jian--应用--数字图象处理--高等学校--教材 | |
| 电子资源: | ||
| ISBN: | 978-7-121-29690-1 | |
| 000 | 01130nam0 2200289 450 | |
| 001 | 0106081907 | |
| 005 | 20201109091524.36 | |
| 010 | @a978-7-121-29690-1@dCNY28.00 | |
| 100 | @a20161114e20192013em y0chiy50 ea | |
| 101 | 0 | @achi |
| 102 | @aCN@b110000 | |
| 105 | @aa az 000yy | |
| 106 | @ar | |
| 200 | 1 | @a数字图像处理及MATLAB实现@Ashu zi tu xiang chu li ji MATLAB shi xian@e学习与实验指导@f杨杰主编 |
| 205 | @a2版 | |
| 210 | @a北京@c电子工业出版社@d2016.09@h2019.03 | |
| 215 | @a192页@c图@d26cm | |
| 300 | @a电子信息与电气学科规划教材 | |
| 320 | @a有书目(第191-192页) | |
| 330 | @a本书是与电子工业出版礼出版的《数字图像处理及MATLAB实现(第2版)》配套的学习与实验指导书。在章节安排上与该教材相一致,各章内容主要有知识结构、知识要点、习题解答和实验指导。在实验指导中给出了实验题目、实验内容、实验原理、实验方法及程序、实验结果与分析以及思考题。 | |
| 606 | 0 | @aMatlab软件@AMatlabruan jian@x应用@x数字图象处理@x高等学校@j教材 |
| 610 | 0 | @aMATLAB.@AMATLAB. |
| 690 | @aTN911.73@v5 | |
| 690 | @aTP312.8@v5 | |
| 701 | 0 | @a杨杰@Ayang jie@4主编 |
| 801 | 0 | @aCN@bBJSZM@c20201106 |
| 905 | @b1194124-7@dTN911.73@e323=2@f4 | |
| 数字图像处理及MATLAB实现:学习与实验指导/杨杰主编.-2版.-北京:电子工业出版社,2016.09(2019.03) |
| 192页:图;26cm |
| 电子信息与电气学科规划教材 |
| ISBN 978-7-121-29690-1:CNY28.00 |
| 本书是与电子工业出版礼出版的《数字图像处理及MATLAB实现(第2版)》配套的学习与实验指导书。在章节安排上与该教材相一致,各章内容主要有知识结构、知识要点、习题解答和实验指导。在实验指导中给出了实验题目、实验内容、实验原理、实验方法及程序、实验结果与分析以及思考题。 |
| ● |
| 相关链接 |
|
|
|
|
正题名:数字图像处理及MATLAB实现
索取号:TN911.73/323=2
 
预约/预借
| 序号 | 登录号 | 条形码 | 馆藏地/架位号 | 状态 | 备注 |
| 1 | 1194124 | 211941247 | 第二样本阅览室/ [索取号:TN911.73/323=2] | 在馆 | |
| 2 | 1194125 | 211941256 | 第三借阅区/ [索取号:TN911.73/323=2] | 在馆 | |
| 3 | 1194126 | 211941265 | 第三借阅区/ [索取号:TN911.73/323=2] | 在馆 | |
| 4 | 1194127 | 211941274 | 第三借阅区/ [索取号:TN911.73/323=2] | 在馆 |